| 000 | 00569nam a22001817a 4500 | ||
|---|---|---|---|
| 003 | NUST | ||
| 005 | 20240613113836.0 | ||
| 020 | _a978-3-03023921-3 | ||
| 082 | _a004.1,HID | ||
| 100 |
_aD. Hidary, Jack _994088 |
||
| 245 |
_aQuantum Computing: _bAn Applied Approach / _cJack D. Hidary |
||
| 260 |
_aSpring _bUSA _c2019 |
||
| 300 | _a379 p | ||
| 505 | _aFoundations (Page-3), Hardware and Applications (Page-47), Toolkit (Page-201). | ||
| 650 |
_aQuantum computing, Computer software _994089 |
||
| 651 |
_aQuantum computers, Quantum theory _994090 |
||
| 942 |
_2ddc _cBK |
||
| 999 |
_c590404 _d590404 |
||